000 01261nam a2200277Ia 4500
999 _c55794
_d55794
001 22891
003 GE_BSU
005 20230531164735.0
008 181216s ||||ge |||||||||||||| ||geo||
020 _a9789941085383
040 _cGE_BSU
041 _ageo
080 _a368 ც-39
100 _aცერცვაძე, არჩილ
_917735
245 _aსადაზღვევო საქმე /
_cარჩილ ცერცვაძე, გიორგი ხანთაძე, დავით ვეკუა ; მეცნიერ-რედაქტორები : სოლომონ პავლიაშვილი, დავით ჯანგულაშვილი.
264 _aთბილისი :
_bდანი,
_c2016.
300 _a486 გვ. ;
_c20 სმ.
500 _aთავფურ. მე-7 გვ.-ზე ინგლ. ენაზე
504 _aბიბლიოგრ. გვ. : 477-485
541 _h26ლ.
653 _aდაზღვევა
653 _aსადაზღვევო საქმე
700 _aხანთაძე, გიორგი
_eავტორი
_917736
700 _aვეკუა, დავით
_eავტორი
_917737
942 _cBK
_2udc